000 00917namaa2200277 a 4500
001 vtls001303908
003 NLI
005 20210627043908.0
008 120418s1980 dcu i000 0 eng
039 9 _y201204181930
_zVLOAD
040 0 _aNLI
_cVTLS-2012_FOD
_eAACR2
041 0 _aeng
044 _adcu
082 0 4 _a333.7932
110 1 _aUnited States.
_bFederal Energy Regulatory Commission
_9725578
245 1 0 _aFederal energy regulatory commission office of electric power regulation :
_bhydropower licenses and prelminary permits
260 _aWashington, D.C. :
_bUnited States Government Printing Office,
_c1980
300 _aVarious pagings ;
_c30 cm.
650 0 _aElectric utilities
_9716692
650 0 _aElectric motors
_9703486
887 _a
901 _aAD 131635
_b25.10.2010
902 _aU.S 333.7932 Un 3
949 _AVIRTUAITEM
_D10000
_X100
_6ADX000131635ENG
942 _2ddc
_cBKS
999 _c596268
_d596268